| 000 | 00781nam0a2200265 i 4500 | ||
|---|---|---|---|
| 001 | RU\NLR\bibl\1951484 | ||
| 005 | 20240726063146.0 | ||
| 010 | _a9785271446184 | ||
| 021 |
_aRU _b2012-66992 _94908 |
||
| 035 | _a(NLR Aleph) 001940619 | ||
| 090 |
_a3560354 _c3560354 |
||
| 100 | _a20121004d2012 u y0rusy50 ca | ||
| 101 | 1 |
_arus _ceng |
|
| 102 | _aRU | ||
| 105 | _ay z ||||| | ||
| 200 | 1 |
_aЯ выбираю тебя _e[роман] _fРона Шерон _g[пер. с англ. Е.А. Ильиной] |
|
| 210 |
_aМосква _cАстрель _d2012 |
||
| 215 |
_a318 с. _d17 |
||
| 225 | 1 | _aМини шарм | |
| 700 | 1 |
_aШерон _bР. _gРона _4070 |
|
| 801 | 0 |
_aRU _bNLR _c20121004 _gRCR |
|
| 801 | 1 |
_aRU _bNLR _c20121004 |
|
| 942 | _cBOOK | ||
| 980 | _aNBR | ||